00319naa a2200121 a 450000100080000000500110000800800410001910000220006024500470008226000090012965300120013877300470015011224512014-12-01 1990 bl uuuu u00u1 u #d1 aBALDISSERA, I. T. aEsterco ?? dinheiroh[electronic resource] c1990 aEsterco tRevista Campo & Lavoura, S??o Paulo, 1990.